[Event "Calimanesti ROM, Ch U8 (g) 2014"]
[Site "Calimanesti ROM"]
[Date "2014.04.12"]
[Round "8.4"]
[White "Barila, Stefana"]
[Black "Fileru, Maria"]
[Result "0-1"]
[WhiteElo "1001"]
[BlackElo "1122"]
[PlyCount "50"]
[EventDate "2014.04.06"]
[EventType "swiss"]
[EventRounds "9"]
[EventCountry "ROM"]

1. e4 e5 2. Nf3 Nc6 3. Bb5 d6 4. d3 Nf6 5. Bg5 Be7 6. O-O O-O 7. Nc3 Bg4 8. h3
Bh5 9. Qd2 Bxf3 10. gxf3 Nd4 11. a4 Nxf3+ 12. Kg2 Nxd2 13. Rad1 Nfxe4 14. Bxd2
Nxc3 15. Bxc3 c6 16. Bc4 d5 17. Ba2 Bd6 18. b4 Qg5+ 19. Kh1 Qf4 20. Bd2 Qf5 21.
Bc3 e4 22. Rd2 Qf3+ 23. Kg1 e3 24. Rdd1 Qg3+ 25. Kh1 Qh2# 0-1

[Event "Calimanesti ROM, Ch U8 (g) 2014"]
[Site "Calimanesti ROM"]
[Date "2014.04.11"]
[Round "7.4"]
[White "Fileru, Maria"]
[Black "Ciapa, Ioana-Antonia"]
[Result "1-0"]
[WhiteElo "1122"]
[BlackElo "1058"]
[PlyCount "103"]
[EventDate "2014.04.06"]
[EventType "swiss"]
[EventRounds "9"]
[EventCountry "ROM"]

1. d4 d5 2. c4 e6 3. Nc3 Nf6 4. Nf3 Nc6 5. a3 Be7 6. Bf4 O-O 7. e3 dxc4 8. Bxc4
Bd6 9. Bg5 h6 10. Bh4 Bd7 11. O-O Qe7 12. Bb5 a6 13. Bxc6 Bxc6 14. Bxf6 Qxf6
15. e4 Qg6 16. Re1 f6 17. d5 exd5 18. Nxd5 Bd7 19. Nxc7 Bh3 20. Qd5+ Kh8 21. g3
Bxc7 22. Qxb7 Bd6 23. Rac1 Qg4 24. Nh4 g5 25. Ng6+ Kg8 26. Qb3+ Kg7 27. Nxf8
Bxf8 28. Rc7+ Qd7 29. Rxd7+ Bxd7 30. Rd1 Rd8 31. Qb7 Kg6 32. Rxd7 Rxd7 33. Qxd7
Bg7 34. g4 a5 35. Kg2 Bf8 36. Kg3 Bc5 37. f4 gxf4+ 38. Kxf4 Bg1 39. Qf5+ Kg7
40. Kg3 Bd4 41. Qd7+ Kg6 42. Qxd4 Kf7 43. b4 axb4 44. axb4 Ke7 45. b5 Kf7 46.
b6 Ke7 47. b7 Kf7 48. b8=Q Ke7 49. Qdd6+ Kf7 50. Qbf8+ Kg6 51. Qdxf6+ Kh7 52.
Q6xh6# 1-0

[Event "Calimanesti ROM, Ch U8 (g) 2014"]
[Site "Calimanesti ROM"]
[Date "2014.04.10"]
[Round "6.7"]
[White "Barbu, Timea-Alexandra"]
[Black "Fileru, Maria"]
[Result "0-1"]
[WhiteElo "1001"]
[BlackElo "1122"]
[PlyCount "32"]
[EventDate "2014.04.06"]
[EventType "swiss"]
[EventRounds "9"]
[EventCountry "ROM"]

1. e4 e5 2. Nf3 Nc6 3. Bc4 Bc5 4. Ng5 Qxg5 5. Nc3 Qxg2 6. Rf1 Nf6 7. d3 O-O 8.
Be3 Bxe3 9. fxe3 d6 10. Bd5 Bg4 11. b4 Nxb4 12. Bxb7 Rab8 13. Bd5 Nfxd5 14.
Nxd5 Nxc2+ 15. Qxc2 Qxc2 16. Rg1 Qe2# 0-1

[Event "Calimanesti ROM, Ch U8 (g) 2014"]
[Site "Calimanesti ROM"]
[Date "2014.04.09"]
[Round "4.2"]
[White "Chicarosie, Ioana Bianca"]
[Black "Fileru, Maria"]
[Result "1-0"]
[WhiteElo "1129"]
[BlackElo "1122"]
[PlyCount "63"]
[EventDate "2014.04.06"]
[EventType "swiss"]
[EventRounds "9"]
[EventCountry "ROM"]

1. e4 e5 2. Nf3 Nc6 3. Bc4 Nf6 4. Ng5 d5 5. exd5 Nxd5 6. Nxf7 Qf6 7. Nxh8 Bc5
8. O-O Nf4 9. Bf7+ Kf8 10. Qf3 g6 11. Nc3 Nd4 12. Qe4 Rb8 13. Nd5 Nfe2+ 14. Kh1
Qxh8 15. c3 Bf5 16. Qe3 Nb3 17. Qh6+ Kxf7 18. axb3 Bd3 19. Rd1 Bxf2 20. Qg5 Re8
21. Ra5 Kf8 22. Nxc7 Re7 23. Nd5 Re8 24. b4 Kf7 25. Qg4 Bb6 26. Ra3 Nxc1 27.
Rxc1 Ba6 28. Qd7+ Kf8 29. Raa1 h5 30. Rf1+ Bxf1 31. Rxf1+ Kg8 32. Qf7# 1-0

[Event "Calimanesti ROM, Ch U8 (g) 2014"]
[Site "Calimanesti ROM"]
[Date "2014.04.09"]
[Round "5.6"]
[White "Fileru, Maria"]
[Black "Spiridon, Anisia"]
[Result "1/2-1/2"]
[WhiteElo "1122"]
[BlackElo "1001"]
[PlyCount "79"]
[EventDate "2014.04.06"]
[EventType "swiss"]
[EventRounds "9"]
[EventCountry "ROM"]

1. d4 g6 2. e4 Bg7 3. Nf3 e6 4. Nc3 Nf6 5. e5 Ng4 6. Be2 O-O 7. O-O b6 8. Bg5
f6 9. Bh4 Na6 10. h3 Nh6 11. Re1 g5 12. Bg3 Bb7 13. Bc4 fxe5 14. Bxe5 Nf7 15.
Bd3 Nxe5 16. dxe5 Nb4 17. Nd4 a5 18. Qh5 Rf7 19. Re3 Nxd3 20. cxd3 d6 21. Ne4
Bxe4 22. Rxe4 Qe8 23. Rae1 Re7 24. Qxe8+ Raxe8 25. Rc1 Bxe5 26. Ne2 h5 27. g3
g4 28. Nf4 gxh3 29. Kh2 Bxf4 30. Rxf4 e5 31. Rh4 d5 32. Rxh3 e4 33. Rxh5 exd3
34. Rd1 Re2 35. Rxd3 Rxf2+ 36. Kh3 Rxb2 37. Rhxd5 Rxa2 38. Rd7 Ree2 39. Rxc7 b5
40. Rdd7 1/2-1/2

[Event "Calimanesti ROM, Ch U8 (g) 2014"]
[Site "Calimanesti ROM"]
[Date "2014.04.08"]
[Round "3.1"]
[White "Fileru, Maria"]
[Black "Popa, Roxana-Maria"]
[Result "0-1"]
[WhiteElo "1122"]
[BlackElo "1204"]
[PlyCount "120"]
[EventDate "2014.04.06"]
[EventType "swiss"]
[EventRounds "9"]
[EventCountry "ROM"]

1. d4 e6 2. c4 d5 3. Nc3 Nf6 4. Nf3 Nc6 5. Bg5 Be7 6. e3 O-O 7. Bd3 Qd6 8. c5
Qd7 9. O-O h6 10. Bh4 b6 11. b4 Nxb4 12. Bb5 Qd8 13. Qb3 a6 14. Qxb4 axb5 15.
Qxb5 Ba6 16. Qb1 Bxf1 17. Kxf1 Rb8 18. Qd3 bxc5 19. dxc5 Bxc5 20. Ne5 Bd6 21.
Nc6 Qd7 22. Nxb8 Rxb8 23. h3 Rb2 24. a4 e5 25. a5 e4 26. Qd1 Be5 27. Bxf6 Bxf6
28. Nxd5 Qf5 29. Nxf6+ Qxf6 30. Qe1 Qe5 31. g3 Qf5 32. Kg2 Qf3+ 33. Kh2 Rxf2+
34. Qxf2 Qxf2+ 35. Kh1 Qxe3 36. a6 Qa7 37. Kg2 f5 38. Kf1 g5 39. Ke1 e3 40. Ke2
f4 41. gxf4 gxf4 42. Kf3 Kf7 43. Ke2 Ke6 44. Ra4 c5 45. Re4+ Kd5 46. Rxf4 Qxa6+
47. Kxe3 Qe6+ 48. Kd2 Qxh3 49. Rf8 c4 50. Rd8+ Kc6 51. Re8 Qd3+ 52. Kc1 c3 53.
Rc8+ Kb7 54. Rxc3 Qxc3+ 55. Kb1 Qd2 56. Ka1 h5 57. Kb1 h4 58. Ka1 h3 59. Kb1 h2
60. Ka1 h1=Q# 0-1

[Event "Calimanesti ROM, Ch U8 (g) 2014"]
[Site "Calimanesti ROM"]
[Date "2014.04.06"]
[Round "1.5"]
[White "Fileru, Maria"]
[Black "Grigor, Maria"]
[Result "1-0"]
[WhiteElo "1122"]
[BlackElo "1001"]
[PlyCount "41"]
[EventDate "2014.04.06"]
[EventType "swiss"]
[EventRounds "9"]
[EventCountry "ROM"]

1. d4 e5 2. dxe5 Nc6 3. Nf3 d5 4. exd6 cxd6 5. e4 Nf6 6. Nc3 Be7 7. Bc4 O-O 8.
O-O h5 9. Bf4 Na5 10. Bd5 Rb8 11. Qd4 Qc7 12. e5 dxe5 13. Bxe5 Rd8 14. Bxc7
Nxd5 15. Nxd5 Ra8 16. Bxd8 Bxd8 17. Ne5 Bb6 18. Qf4 Bc7 19. Qxf7+ Kh7 20. Nf6+
Kh8 21. Qf8# 1-0